000
00318nam a2200133Ia 4500
008
191201s2019 xx 000 0 und d
100
_a
GAUTAM, AP
245
0
_a
Engineering Graphics & Design
250
_a
rep
260
_b
Khanna Publisher
_a
NEW DELHI
300
_a
275
700
_a
JAIN, Pradeep
942
_2
ddc
_c
BK
999
_c
8186
_d
8186